Normal view MARC view
  • Elaboración de proyectos

Entry Materia

Number of records used in: 18

001 - NÚMERO DE CONTROL DEL REGISTRO

  • campo de control: 14002

003 - IDENTIFICADOR DE NUMERO DE CONTROL

  • campo de control: UPN

005 - FECHA Y HORA DE LA ÚLTIMA TRANSACCIÓN

  • campo de control: 20230330114111.0

008 - DATOS DE LONGITUD FIJA

  • campo de control de longitud fija: 230330nn anznnaabn a ana |d

035 ## - NÚMERO DE CONTROL DEL SISTEMA

  • Número de control del sistema: UPN10000014010

040 ## - FUENTE DE LA CATALOGACIÓN

  • Lengua de catalogación: spa
  • Centro catalogador de origen: MX-MxUPN

046 ## - FECHAS CON CODIFICACIÓN ESPECIAL

  • Fecha final para contenidos agregados: 2023

150 ## - ENCABEZAMIENTO - TEMÁTICO

  • Término de materia o nombre geográfico como elemento inicial: Elaboración de proyectos

450 ## - VÉASE - MATERIA

  • Encabezamiento temático: Formulación de proyectos

450 ## - VÉASE - MATERIA

  • Encabezamiento temático: Planeación de proyectos

450 ## - VÉASE - MATERIA

  • Encabezamiento temático: Proyectos, Elaboración de

670 ## - FUENTE EN LA QUE SE LOCALIZARON DATOS

  • Cita de la fuente: LEMB, 1998:

670 ## - FUENTE EN LA QUE SE LOCALIZARON DATOS

  • Cita de la fuente: página 373 (Elaboración de proyectos)

902 ## - CATALOGADOR

  • Catalogador: GPR/031209
  • Catalogador: VíctorGodínez/300323